Hertha BSC Squad 2018-2019 - Statistics

General Stats
  • This quiz has been taken 6 times
  • The average score is 19 of 33
Answer Stats
# Position Nation Player % Correct
- Coach Hungary Pál Dárdai
100%
24 FW Hungary Palkó Dárdai
100%
2 DF Slovakia Peter Pekarík
100%
8 FW Ivory Coast Salomon Kalou
100%
19 FW Bosnia and Herzegovina Vedad Ibišević
100%
11 FW Australia Mathew Leckie
83%
5 DF Germany Niklas Stark
83%
10 MF Slovakia Ondrej Duda
83%
3 MF Norway Per Ciljan Skjelbred
83%
22 GK Norway Rune Jarstein
83%
1 GK Germany Thomas Kraft
83%
6 MF Czech Republic Vladimír Darida
83%
28 MF Switzerland Fabian Lustenberger
67%
16 FW Netherlands Javairô Dilrosun
67%
33 GK United States Jonathan Klinsmann
67%
25 DF Nigeria Jordan Torunarigha
67%
21 DF Germany Marvin Plattenhardt
67%
17 MF Germany Maximilian Mittelstädt
67%
7 FW Germany Alexander Esswein
50%
27 FW Germany Davie Selke
50%
15 MF Serbia Marko Grujić
50%
4 DF Netherlands Karim Rekik
33%
13 DF Germany Lukas Klünter
33%
35 GK Germany Marius Gersbeck
33%
20 MF Austria Valentino Lazaro
33%
23 MF Germany Arne Maier
17%
12 GK Germany Dennis Smarsch
17%
29 DF Germany Florian Baak
17%
30 MF Germany Julius Kade
17%
14 FW Germany Pascal Köpke
17%
32 FW Germany Dennis Jastrzembski
0%
31 DF Netherlands Derrick Luckassen
0%
34 FW Germany Maurice Čović
0%
No matching quizzes found
Score Distribution
Percent of People with Each Score
Percentile by Number Answered
Your Score History
You have not taken this quiz